000 00894nam a2200241Ii 4500
003 JO-AjNU
008 230605s9999||||xx |||||||||||||| ||und||
017 _a2000/9697
020 _a977-337-001-1
040 _aJO-AjNU
_bara
_erda
_cJO-AjNU
041 _aara
050 1 4 _aHD4905.A54.2010
100 3 _aاعداد مركز الخبرات المهنية للادارة بميك؛ المستشار العلمي عبدالرحمن توفيق,
_eauthor
_944093
245 0 0 _aاخلاقيات وقيم القائد الاداري
250 _aط8
264 3 1 _aالقاهرة: مركز الخبرات المهنية للادارة بميك،2010
300 _a103ص
336 _atext
_btxt
_2rdacontent
337 _aunmediated
_bn
_2rdamedia
338 _avolume
_bnc
_2rdacarrier
490 0 _aالمناهج التدريبية 132
650 4 _aالاخلاق الادارية
_944094
999 _aA19009
_c22577
_d22577